Statistics for NBA Players from UConn

Click here to take the quiz!

General Stats

  • This quiz has been taken 71 times
    (10 since last reset)
  • The average score is 17 of 40

Answer Stats

PositionPlayerDraft Year% Correct
CAndre Drummond2012
100%
SGJordan Hawkins2023
100%
GKemba Walker2011
100%
SGRay Allen1996
100%
PGShabazz Napier2014
88%
GAndre Jackson Jr.2023
75%
FCEmeka Okafor2004
75%
SGJames Bouknight2021
75%
SGRichard Hamilton1999
75%
FCharlie Villanueva2005
63%
SGDaniel Hamilton2016
63%
SGJeremy Lamb2012
63%
CAmida Brimah2017
50%
GChris Smith1992
50%
CHasheem Thabeet2009
50%
SFRudy Gay2006
50%
GFTyrese Martin2022
50%
SGBen Gordon2004
38%
SFDonny Marshall1995
38%
FDonyell Marshall1994
38%
GA.J. Price2009
25%
GJerome Dyson2010
25%
GKhalid El-Amin2000
25%
GMarcus D. Williams2006
25%
GRodney Purvis2017
25%
PFBruce Kuczenski1983
13%
SFCaron Butler2002
13%
CChuck Aleksinas1982
13%
PFCliff Robinson1989
13%
FCorny Thompson1982
13%
CHilton Armstrong2006
13%
CJake Voskuhl2000
13%
SFJeff Adrien2009
13%
FCJosh Boone2006
13%
GKevin Ollie1995
13%
GFScott Burrell1993
13%
SGTate George1990
13%
PFToby Kimball1965
13%
CTravis Knight1996
13%
GWorthy Patterson1954
13%

Score Distribution

Percentile by Number Answered

Percent of People with Each Score

Your Score History

You have not taken this quiz since the last reset